Πόλεις της Κύπρου - Statistics

General Stats
  • This quiz has been taken 21 times
  • The average score is 5 of 15
Answer Stats
Πόλη Πληθυσμός % Correct
Λευκωσία 56 848
95%
Λάρνακα 52 038
90%
Πάφος 37 297
90%
Λεμεσός 108 105
75%
Παραλίμνη 19 035
35%
Στρόβολος 71 123
30%
Αραδίππου 22 934
20%
Λακατάμια 43 276
10%
Έγκωμη 20 502
10%
Λατσιά 18 579
10%
Κάτω Πολεμίδια 23 231
5%
Γερμασόγεια 17 325
5%
Άγιος Αθανάσιος 16 563
5%
Μέσα Γιτόνια 15 949
5%
Ύψωνας 13 966
5%
No matching quizzes found
Score Distribution
Percent of People with Each Score
Percentile by Number Answered
Your Score History
You have not taken this quiz